Seznam československých seriálů zpracovaných pro systém MARSI

Salvato in:
Dettagli Bibliografici
Natura: Libro
Lingua:ceco
Pubblicazione: Praha Ústředí vědeckých, technických a ekonomických informací 1984
Tags: Aggiungi Tag
Nessun Tag, puoi essere il primo ad aggiungerne!!

MARC

LEADER 00000nam a2200000 4500
001 c114039
005 20240823102825.8
041 0 |a cze 
044 |a CZ 
245 1 0 |a Seznam československých seriálů zpracovaných pro systém MARSI  |c Jaroslava Jílková 
264 1 |a Praha  |b Ústředí vědeckých, technických a ekonomických informací  |c 1984 
300 |a 163 s.